| 000 | 01383cam a2200373 a 4500 | ||
|---|---|---|---|
| 001 | 11866308 | ||
| 003 | ARRUPE | ||
| 005 | 20160321120211.0 | ||
| 008 | 990915s1999 rh bs 000 0 eng | ||
| 010 | _a 99892372 | ||
| 020 | _a1779050836 | ||
| 035 | _a(DLC) 99892372 | ||
| 040 |
_aDLC _cDLC _dDLC |
||
| 042 | _alcode | ||
| 043 | _af-ao--- | ||
| 050 | 0 | 0 |
_aHC950 _b.K38 1999 |
| 082 | 0 | 0 |
_a320.9673 _221 |
| 100 | 1 |
_aKaure, Alexactus T. _923045 |
|
| 245 | 1 | 0 |
_aAngola : _bfrom socialism to liberal reforms / _c[Alexactus T. Kaure]. |
| 260 |
_aMt. Pleasant, Harare : _bSAPES Books, _c1999. |
||
| 300 |
_a69 p.; _c21 cm. |
||
| 440 | 0 |
_aSouthern Africa specialised studies series _923046 |
|
| 500 | _a"SAPES Trust"--P. [4] of cover. | ||
| 500 | _a"Southern African Regional Institute for Policy Studies"--Ser. t.p. | ||
| 500 | _aBased on author's thesis (masters)--University of Manchester, U.K. | ||
| 504 | _aIncludes bibliographical references (p. 67-69). | ||
| 650 |
_aAngola _2Economic conditions _y1975- _923047 |
||
| 650 |
_aAngola _xEconomic policy. _923048 |
||
| 710 | 2 |
_aSAPES Trust. _923049 |
|
| 710 | 2 |
_aSouthern Africa Regional Institute for Policy Studies. _923050 |
|
| 906 |
_a7 _bcbc _corigode _d3 _encip _f19 _gy-gencatlg |
||
| 942 |
_2lcc _cMONOGRAPH |
||
| 999 |
_c124404 _d124404 |
||